Las Bellas Artes y un proyecto imperial : Maximiliano en México : 1864-1867 /
Kaydedildi:
| Yazar: | |
|---|---|
| Materyal Türü: | Kitap |
| Dil: | İspanyolca |
| Baskı/Yayın Bilgisi: |
México :
INAH,
2024, c2024
|
| Seri Bilgileri: | (Eméritos del INAH)
|
| Konular: | |
| Etiketler: |
Etiket eklenmemiş, İlk siz ekleyin!
|
MARC
| LEADER | 00000nam^a2200000^a^4500 | ||
|---|---|---|---|
| 001 | 000630363 | ||
| 005 | 20260410000000.0 | ||
| 009 | 20260410195519.308 | ||
| 020 | |a 978-607-539-945-4 | ||
| 037 | |a Acervo ITESO - Biblioteca | ||
| 041 | |a ESP | ||
| 082 | |a 709. 72049 |b ACE | ||
| 100 | |a Acevedo de Iturriaga, Esther | ||
| 245 | 1 | 4 | |a Las Bellas Artes y un proyecto imperial : |b Maximiliano en México : 1864-1867 / |c E. Acevedo de Iturriaga. |
| 264 | 4 | |a México : |b INAH, |c 2024, c2024 | |
| 300 | |a 316 p. | ||
| 336 | |a texto |b txt |2 rdacontenido | ||
| 337 | |a sin mediación |b n |2 rdamedio | ||
| 338 | |a volumen |b nc |2 rdasoporte | ||
| 440 | 1 | |a (Eméritos del INAH) | |
| 649 | |a XX | ||
| 650 | |a Emperadores Mexicanos | ||
| 650 | |a Nobles Austríacos | ||
| 650 | |a Política Cultural - |z México - |x Historia - |y Regencia e Imperio, 1863-1867 | ||
| 650 | |a Arte y Política - |z México - |x Historia - |y Regencia e Imperio, 1863-1867 - |x Tema Principal | ||
| 650 | |a Arte Mexicano - |x Historia y Crítica | ||
| 650 | |a México - |x Historia - |y Regencia e Imperio, 1863-1867 | ||
| 650 | |a México - |x Historia - |y Intervención y Segundo Imperio, 1861-1867 | ||
| 650 | |a México - |x Historia - |y Siglo XIX | ||
| 650 | |a Habsburgo, Maximiliano de, |c Emperador de México - |x Tema Principal | ||
| 910 | |a Fondo General | ||
| 920 | |a Impresos - Libros | ||
| 930 | |a Reserva Especial | ||
| 905 | |a 103 | ||
| 901 | |a 630363-10 |b IT1 |c REE |i C193643 |u 20260410 | ||
| 902 | |a https://opac.biblio.iteso.mx/vufind/Record/000630363 | ||